| 000 | 01307cam a22003495a 4500 | ||
|---|---|---|---|
| 001 | 13348306 | ||
| 005 | 20170329111232.0 | ||
| 008 | 030922s2013 nju frb 001 0 eng | ||
| 020 | _a0805847804 | ||
| 020 | _a9780805847802 | ||
| 040 |
_aDLC _cDLC _dDLC _dEG-ScBUE _beng |
||
| 043 |
_ae------ _an-us--- _af-sa--- |
||
| 082 | 0 | 4 |
_222 _a302.23094 _bMED |
| 245 | 0 | 4 |
_aThe media and elections : _ba handbook and comparative study / _cedited by Bernd-Peter Lange, David Ward. |
| 260 |
_aNew York ; _aOxon : _bRoutledge, _c2013. |
||
| 300 |
_axvi, 264 p. ; _c24 cm. |
||
| 504 | _aIncludes bibliographical references and indexes. | ||
| 650 | 7 |
_aMass media _xPolitical aspects _zEurope _vCase studies. _2BUEsh |
|
| 650 | 7 |
_aElections _zEurope _vCase studies. _2BUEsh |
|
| 650 | 7 |
_aMass media policy _zEurope. _2BUEsh |
|
| 650 | 7 |
_aMass media _xPolitical aspects _zUnited States. _2BUEsh |
|
| 650 | 7 |
_aElections _zUnited States. _2BUEsh |
|
| 650 | 7 |
_aMass media policy _zUnited States. _2BUEsh |
|
| 650 | 7 |
_aMass media _xPolitical aspects _zSouth Africa. _2BUEsh |
|
| 650 | 7 |
_aElections _zSouth Africa. _2BUEsh |
|
| 650 | 7 |
_aMass media policy _zSouth Africa. _2BUEsh |
|
| 651 | _2BUEsh | ||
| 653 |
_bCOMAME _cMarch2017 |
||
| 700 | 1 |
_aLange, Bernd-Peter, _eeditor. |
|
| 700 | 1 |
_aWard, David, _d1966- _eeditor. |
|
| 942 | _2ddc | ||
| 999 |
_c24554 _d24526 |
||